Resource conservation technology in pulses (Record no. 142106)
[ view plain ]
| 000 -LEADER | |
|---|---|
| fixed length control field | 00647nam a22002417a 4500 |
| 003 - CONTROL NUMBER IDENTIFIER | |
| control field | OSt |
| 020 ## - INTERNATIONAL STANDARD BOOK NUMBER | |
| International Standard Book Number | 9788172338855 |
| 082 ## - DEWEY DECIMAL CLASSIFICATION NUMBER | |
| Classification number | 633.3 |
| Item number | GHO/RE |
| 245 ## - TITLE STATEMENT | |
| Title | Resource conservation technology in pulses |
| 260 ## - PUBLICATION, DISTRIBUTION, ETC. (IMPRINT) | |
| Place of publication, distribution, etc | Jodhpur |
| Name of publisher, distributor, etc | Scientific publishers |
| Date of publication, distribution, etc | 2014 |
| 300 ## - PHYSICAL DESCRIPTION | |
| Extent | v, 657 Pages |
| 650 ## - SUBJECT ADDED ENTRY--TOPICAL TERM | |
| Topical term or geographic name as entry element | Pulses production |
| 650 ## - SUBJECT ADDED ENTRY--TOPICAL TERM | |
| Topical term or geographic name as entry element | Conservation agriculture |
| 650 ## - SUBJECT ADDED ENTRY--TOPICAL TERM | |
| Topical term or geographic name as entry element | Integrated input management |
| 650 ## - SUBJECT ADDED ENTRY--TOPICAL TERM | |
| Topical term or geographic name as entry element | Residue management and farm mechanisation |
| 650 ## - SUBJECT ADDED ENTRY--TOPICAL TERM | |
| Topical term or geographic name as entry element | Climate change |
| 700 ## - ADDED ENTRY--PERSONAL NAME | |
| Personal name | Ghosh P K |
| 700 ## - ADDED ENTRY--PERSONAL NAME | |
| Personal name | Narendra Kumar |
| 700 ## - ADDED ENTRY--PERSONAL NAME | |
| Personal name | Venkatesh M S |
| 700 ## - ADDED ENTRY--PERSONAL NAME | |
| Personal name | Hazra K K |
| 700 ## - ADDED ENTRY--PERSONAL NAME | |
| Personal name | Nadarajan N |
| 942 ## - ADDED ENTRY ELEMENTS (KOHA) | |
| Source of classification or shelving scheme | Dewey Decimal Classification |
| Koha item type | Books (General) |
| Lost status | Source of classification or shelving scheme | Damaged status | Not for loan | Home library | Current library | Shelving location | Date acquired | Cost, normal purchase price | Total Checkouts | Full call number | Barcode | Date last seen | Date last borrowed | Koha item type |
|---|---|---|---|---|---|---|---|---|---|---|---|---|---|---|
| Dewey Decimal Classification | KAU Central Library, Thrissur | KAU Central Library, Thrissur | General | 01/12/2015 | 2850.00 | 1 | 633.3 GHO/RE | 225008 | 19/11/2019 | 19/11/2019 | Books (General) |
